| 000 | 00866nam a22002297a 4500 | ||
|---|---|---|---|
| 003 | 0 | ||
| 005 | 20251017095433.0 | ||
| 008 | 251017b xxu||||| |||| 00| 0 eng d | ||
| 020 | _a978-1-473-65835-6 | ||
| 050 |
_aBF 637.S8 _b.B88 2017 |
||
| 100 |
_aButler-Bowdon, Tom, _eauthor. |
||
| 245 |
_a50 success classics : _byour shortcut to the most important ideas on motivation, wealth, and success / _cTom Butler-Bowdon. |
||
| 250 | _aSecond edition. | ||
| 260 |
_aBoston : _bNicholas Brealey Publishing, _c2017. |
||
| 300 |
_a339 pages ; _c22 cm. |
||
| 504 | _aIncludes bibliographical references. | ||
| 520 | _aSummarizes and interprets fifty influential books on success, wealth creation, and achievement. | ||
| 650 |
_aSuccess _vQuotations, maxims, etc. |
||
| 650 | _aSelf-actualization (Psychology). | ||
| 650 | _aMotivation (Psychology). | ||
| 942 |
_2lcc _cBK |
||
| 999 |
_c368258 _d368258 |
||